[Event "THA pre olympic qual"]
[Site "Bangkok"]
[Date "2016.05.14"]
[Round "2"]
[White "Yothinnorratham, Tepparit"]
[Black "Pheephacharakan, Pinatpong"]
[Result "1-0"]
[WhiteElo "1936"]
[BlackElo "1822"]
[PlyCount "79"]
[EventDate "2016.05.14"]
[EventType "swiss"]
[EventRounds "9"]
[EventCountry "THA"]
[SourceTitle "CBM 172 Extra"]
[Source "ChessBase"]
[SourceDate "2016.06.21"]
[SourceVersion "1"]
[SourceVersionDate "2016.06.21"]
[SourceQuality "1"]

1. d4 Nf6 2. Nf3 c5 3. d5 g6 4. c4 b5 5. cxb5 a6 6. b6 Qxb6 7. Nc3 d6 8. h3 Bg7 9. e4 Bd7 10. a4 0-0 11. Be2 Qb4 12. Qd3 Nxe4 13. 0-0 Nxc3 14. bxc3 Qxc3 15. Ra3 Qxd3 16. Bxd3 a5 17. Re1 Re8 18. Bg5 Kf8 19. Nd2 Na6 20. Nc4 Rab8 21. Nxd6 exd6 22. Rxe8+ Bxe8 23. Bxa6 Rb4 24. Re3 f6 25. Rf3 Ke7 26. Bd2 Rxa4 27. Re3+ Kf7 28. Rxe8 Ra1+ 29. Re1 Rxe1+ 30. Bxe1 a4 31. Kf1 f5 32. Ke2 Bd4 33. Kd3 a3 34. Bc4 g5 35. Kc2 Kf6 36. f3 Ke5 37. Bg3+ f4 38. Be1 Kf5 39. Ba5 Kg6 40. Kb3 1-0

[Event "THA-chT"]
[Site "Bangkok"]
[Date "2015.12.13"]
[Round "9.2"]
[White "Yothinnorratham, Tepparit"]
[Black "Chongstitwattana, Cholapat"]
[Result "1-0"]
[WhiteElo "1952"]
[BlackElo "1534"]
[PlyCount "69"]
[EventDate "2015.12.04"]
[EventType "team-swiss"]
[EventRounds "9"]
[EventCountry "THA"]
[SourceTitle "CBM 170 Extra"]
[Source "ChessBase"]
[SourceDate "2016.02.25"]
[SourceVersion "1"]
[SourceVersionDate "2016.02.25"]
[SourceQuality "1"]
[WhiteTeam "Assumption Association"]
[BlackTeam "Aquaman"]
[WhiteTeamCountry "THA"]
[BlackTeamCountry "THA"]

1. d4 Nf6 2. Nf3 e6 3. c4 Bb4+ 4. Bd2 Bxd2+ 5. Qxd2 b6 6. Nc3 Bb7 7. Qc2 0-0 8. e4 d6 9. g3 Nbd7 10. Bg2 e5 11. d5 c6 12. dxc6 Bxc6 13. 0-0 Nc5 14. Rad1 Qe7 15. Ne1 Qb7 16. b4 Ncxe4 17. b5 Nxc3 18. Bxc6 Qc7 19. Qxc3 Rac8 20. Nc2 a6 21. a4 a5 22. Ne3 Qe7 23. Nf5 Qe6 24. Nxd6 Rc7 25. Rfe1 Nd7 26. Bxd7 Rxd7 27. Qxe5 Rfd8 28. Qxe6 fxe6 29. Rxe6 Kf8 30. Rd5 g6 31. f4 Rc7 32. Re4 Rcd7 33. Red4 Re7 34. Kf2 Kg7 35. Nf5+ 1-0

[Event "ASEAN-ch9 U16"]
[Site "Da Nang"]
[Date "2008.06.13"]
[Round "7"]
[White "Yothinnorratham, Tepparit"]
[Black "Duong, Thuong Cong"]
[Result "0-1"]
[WhiteElo "1821"]
[BlackElo "1971"]
[PlyCount "72"]
[EventDate "2008.06.10"]
[EventType "swiss"]
[EventRounds "9"]
[EventCountry "VIE"]
[SourceTitle "CBM 125 Extra"]
[Source "ChessBase"]
[SourceDate "2008.09.01"]
[SourceVersion "1"]
[SourceVersionDate "2008.09.01"]
[SourceQuality "1"]

1. d4 f5 2. c4 Nf6 3. Nf3 e6 4. g3 d5 5. Bg2 c6 6. 0-0 Be7 7. Bg5 0-0 8. Nc3 Bd7 9. Ne5 Be8 10. Qc2 h6 11. Bxf6 Bxf6 12. Rfd1 Na6 13. a3 Rc8 14. f4 g5 15. Kh1 Bg7 16. Bf3 h5 17. e3 g4 18. Be2 Nc7 19. c5 Rf6 20. b4 Rh6 21. a4 h4 22. Kg2 Qe7 23. Rh1 Bxe5 24. fxe5 Bg6 25. Bd3 Qh7 26. Qf2 Kg7 27. Ne2 f4 28. Bxg6 f3+ 29. Kg1 Qxg6 30. Nf4 Qe4 31. Re1 Rch8 32. h3 Qf5 33. gxh4 Rxh4 34. Qg3 Kf7 35. Kf2 Qc2+ 36. Kg1 Ne8 0-1

[Event "ASEAN-ch9 U16"]
[Site "Da Nang"]
[Date "2008.06.12"]
[Round "6"]
[White "Nguyen, Van Thanh"]
[Black "Yothinnorratham, Tepparit"]
[Result "1-0"]
[WhiteElo "2129"]
[BlackElo "1821"]
[PlyCount "93"]
[EventDate "2008.06.10"]
[EventType "swiss"]
[EventRounds "9"]
[EventCountry "VIE"]
[SourceTitle "CBM 125 Extra"]
[Source "ChessBase"]
[SourceDate "2008.09.01"]
[SourceVersion "1"]
[SourceVersionDate "2008.09.01"]
[SourceQuality "1"]

1. e4 e6 2. d4 d5 3. Nd2 Nf6 4. e5 Nfd7 5. Bd3 c5 6. c3 Nc6 7. Ne2 cxd4 8. cxd4 f6 9. exf6 Nxf6 10. 0-0 Bd6 11. Nf3 0-0 12. Bg5 Bd7 13. Rc1 Rc8 14. a3 Qe7 15. Re1 h6 16. Bf4 Nh5 17. Bxd6 Qxd6 18. Bg6 Nf4 19. Nxf4 Rxf4 20. Bb1 Qe7 21. Qd3 g5 22. g3 Rf6 23. Ne5 Nxe5 24. Rxc8+ Bxc8 25. Rxe5 Bd7 26. Bc2 Be8 27. Qe3 Qd7 28. Bd1 Bf7 29. Qc3 Qc6 30. Qxc6 bxc6 31. Ba4 Be8 32. Re3 Kf7 33. Rc3 e5 34. dxe5 Re6 35. f4 gxf4 36. gxf4 Ke7 37. Kf2 Kd7 38. Rg3 Kc7 39. b4 Kb6 40. Rg7 a5 41. Ke3 axb4 42. axb4 Bg6 43. Kd4 Be4 44. Bd1 Kb5 45. Rb7+ Ka6 46. Rf7 Bg6 47. Rf8 1-0